MDQL
is popping MORE tags! Check the
thread
!
Quizzes
Events
Quiz Creation
Community
Videos
Private Events
Remove Ads
Sign In
Join for FREE
Feedback
Dark Mode
Quiz Categories
Sports
Geography
Music
Movies
Television
Just For Fun
Miscellaneous
History
Literature
Language
Science
Gaming
Entertainment
Religion
Holiday
For Kids
Quiz Lab
Recent
Popular Today
Quiz Kudos Today
Editor Picks
Curator Picks
Quizzes by...
Day
Popularity
Type
Ratings
Length
Year
Community
Subscriptions
Recent Discussions
Orange Saloon
Badges
Playlists
Quests
Create
Leaderboards
Showdown
Live 5
Trivia Bingo
Activity
Puzzle Library
Sporcle Events
Private Events
Virtual Trivia
Globe League
Become a Host
Pub Owners
SporcleCon
Opinionation
Our Games
Videos
Blog
Mobile Apps
Partnerships
Remove Ads and Go Orange
Feedback
Music
Pop Music
The Beatles
Song
Album
Lyrics
Bands
Singers
Artist
Clip
Rock
Rap
Classical
Billboard
Country Music
Kpop
Taylor Swift
Music
Pop Music
The Beatles
Song
Album
Lyrics
Bands
Singers
Artist
Clip
Rock
Rap
Classical
Billboard
Country Music
Kpop
Taylor Swift
Random Quiz
Search Sporcle
×
Quiz Lab
Quiz Lab
Music
Marina and the Diamonds
Type in answers that appear in a list
Type in answers that appear in a list
Classic
Best Score? Go Orange.
Name the Marina and the Diamonds song lyrics II Stats
Name the Marina and the Diamonds song lyrics II
By
WhoRUGurl
10m
184 Questions
245 Plays
245 Plays
245 Plays
Comments
Comments
Give Quiz Kudos
Give Quiz Kudos
-
- Ratings
hide this ad
Replay
Link that replays current quiz
Next Quiz
Link to next quiz in quiz playlist
You Got
0%
They Got
Avg Score
59%
Avg Friend Score
Upgrade to see
Score Distribution
Jump to the score distribution portion of the page
Score
0/184
Timer
10:00
0
Plays Today
% Correct
I
96.3%
I
96.3%
a
95.1%
a
95.1%
a
95.1%
you
91.4%
you
91.4%
you
91.4%
you
91.4%
you
91.4%
you
91.4%
you
91.4%
you
91.4%
you
91.4%
you
91.4%
you
91.4%
you
91.4%
the
87.3%
the
87.3%
the
87.3%
the
87.3%
me?
76.7%
me?
76.7%
me?
76.7%
me?
76.7%
me
76.7%
me
76.7%
me
76.7%
me?
76.7%
me?
76.7%
me?
76.7%
me?
76.7%
me?
76.7%
to
75.1%
to
75.1%
to
75.1%
be
73.9%
be
73.9%
be
73.9%
be
73.9%
be
73.9%
be
73.9%
be
73.9%
be
73.9%
be
73.9%
be
73.9%
be
73.9%
be
73.9%
do
72.2%
Do
72.2%
Do
72.2%
do
72.2%
Do
72.2%
Do
72.2%
Do
72.2%
Do
72.2%
Do
72.2%
Do
72.2%
Do
72.2%
Love
70.6%
in
70.2%
on
69.8%
% Correct
your
68.6%
and
64.5%
I'm
63.3%
I'm
63.3%
like
62.4%
like
62.4%
like
62.4%
are
62.4%
like
62.4%
like
62.4%
like
62.4%
like
62.4%
like
62.4%
like
62.4%
like
62.4%
like
62.4%
like
62.4%
like
62.4%
like
62.4%
heart
62%
go
60.8%
go
60.8%
you're
60.4%
my
58.8%
wanna
55.5%
wanna
55.5%
wanna
55.5%
wanna
55.5%
wanna
55.5%
wanna
55.5%
wanna
55.5%
wanna
55.5%
wanna
55.5%
wanna
55.5%
wanna
55.5%
that
53.9%
that
53.9%
of
53.5%
feel
52.2%
with
51%
with
51%
will
51%
will
51%
with
51%
with
51%
with
51%
with
51%
with
51%
with
51%
with
51%
Lonely
48.6%
Hearts
48.6%
Lonely
48.6%
Hearts
48.6%
Lonely
48.6%
Hearts
48.6%
Lonely
48.6%
Hearts
48.6%
Lonely
48.6%
Hearts
48.6%
Lonely
48.6%
Hearts
48.6%
% Correct
Lonely
48.6%
Hearts
48.6%
Lonely
48.6%
Hearts
48.6%
Club
47.8%
somebody
47.8%
Club
47.8%
somebody
47.8%
never
47.8%
Club
47.8%
somebody
47.8%
Club
47.8%
somebody
47.8%
Somebody
47.8%
Somebody
47.8%
Somebody
47.8%
Club
47.8%
somebody
47.8%
Club
47.8%
somebody
47.8%
Club
47.8%
somebody
47.8%
somebody
47.8%
Club
47.8%
somebody
47.8%
if
47.3%
just
45.7%
dark
44.5%
dark
44.5%
TV
43.7%
member
43.7%
member
43.7%
feeling
43.3%
January
43.3%
December
43.3%
January
43.3%
December
43.3%
show
42.9%
alone
42.4%
only
42.4%
Laugh
41.6%
track
41.6%
too
41.6%
then
41.2%
I'll
41.2%
sad
40.8%
bad
38.4%
reason
38.4%
echoes
38%
forever
38%
weather
36.7%
feelings
35.9%
mind
35.5%
kind
35.1%
into
35.1%
change
33.9%
Take
33.9%
back
33.1%
bed
31.4%
advantage
31%
Quiz Playlist
Details
Report
Send in Message
Add To Playlist
Classic:
Type in answers that appear in a list
Last Updated: Nov 25, 2018
Quiz Scoreboard
CHALLENGE
Sign Up to Join the Scoreboard
Show All
Scores
Hide
Comments
May contain spoilers
Recently Published
Colored Red Africa Blitz
by spor1
Geography
30s
Find the 'City' Movie
by crazypaving
Movies
60s
5x2 Blitz: Bands
by SL_Kpop136
Music
30s
More to Explore
Quiz From the Vault
Featured Blog Post
14 Easter Pick-up Lines to Find Eggs With
hide this ad
You Might Also Like...
Tags
Marina and the Diamonds
Today's Top Quizzes in Music
Browse Music
hide this ad
Top Contributed Quizzes in Music
1
5X2 Blitz: Bands II
2
5X2 Blitz: The Beatles
3
Taylor Swift All Songs (2024)
4
5X2 Blitz: Billboard
5
Taylor Swift Logic Puzzle II
6
5X2 Blitz: Billboard II
7
5X2 Blitz: Singers
8
5X2 Blitz: Album
9
5X2 Blitz: Rock
10
5X2 Blitz: Lyrics
Explore More
Trending Topics
Anime
Kpop
Harry Potter
NBA
Marvel
Disney
Crossword
Pokémon
Soccer
Country
Puzzle
NFL
Song
The Office
WWE
hide this ad
More By:
WhoRUGurl
Quiz
Plays
Rating
Category
Featured
Created
Name the Undertale characters
4,952
3.00
Gaming
Dec 2, 2015
RuPaul's Drag Race Trivia (Season's 1-10; plus AS1-AS3)
1,131
5.00
Television
Oct 25, 2018
RuPaul's Drag Race Queen's Names Out of Drag
1,047
5.00
Television
Apr 15, 2018
Match the Queens to Their Lipsyncs (Season 1-10, AS1-3)
633
5.00
Television
Dec 31, 2018
Every Drag Race US and All Stars Entrance Line (S1-AS7)
510
5.00
Television
Apr 30, 2022
Go to Creator's Profile
Score Distribution
Quiz Creator Spotlight
WhoRUGurl
Follow
Send a Message
Quizzes Created
-
Created Quiz Play Count
-
More By This Creator
Popular Quizzes Today
1
Colored Red Africa Blitz
2
Find the 'City' Movie
3
5x2 Blitz: Bands
4
Find the US States - No Outlines Minefield
5
The Countries of the World
6
Find the US States
7
US States
8
Find the Countries of Europe - No Outlines Minefield
More Music Quizzes
Rappers In Cartoons
Curator's Pick
Trending Quizzes
Colored Red Europe Blitz I
Colored Red Europe Blitz II
Colored Red Africa Blitz II
Colored Red Europe Blitz III
Colored Red Africa Blitz III
Recently Updated
How Do You Spell That?
pecheneg
Godzilla Movies
pecheneg
Grab Bag: 4-10 Letters
pecheneg
2024 March Madness Bracket
pecheneg
Famous TV Couples
Peacemaker
Champions League XIs: Real Madrid
pecheneg
Largest US Cities 1790-2010
pecheneg
Rides in Walt Disney World
pecheneg
Most Oscar Losses (Acting)
pecheneg
Beyoncé Albums
pecheneg
Trending Topics
Marvel
Kpop
Anime
Disney
NBA
Harry Potter
Crossword
Soccer
The Office
NFL
Puzzle
WWE
Pokémon
Country
Song
Your Account Isn't Verified!
In order to create a playlist on Sporcle, you need to verify the email address you used during registration. Go to your
Sporcle Settings
to finish the process.
Report this User
Report this user for behavior that violates our
Community Guidelines
.
Details:
Send Report
Go to the Sporcle.com Mobile Site →
Comments